Guía para leer la biblia

Saved in:
書目詳細資料
主要作者: Wright, Chris (Author)
格式: 圖書
語言:西班牙语
出版: Madrid CCS 1988
叢編:La fe cristiana, 3
主題:
標簽: 添加標簽
沒有標簽, 成為第一個標記此記錄!

MARC

LEADER 00000nam a2200000 a 4500
001 UCY2426
003 CL-VaPUC
008 941025e19880000SP |||||||||||||||||spa|d
082 0 4 |a 220.61  |b WRI  |2 21 
100 0 |a Wright, Chris  |e author  |9 330445 
245 1 0 |a Guía para leer la biblia 
300 |a 128 p 
942 |c BK 
945 |d 19941025 00:00:00  |a aalvarez 
260 |a Madrid  |b CCS  |c 1988 
650 0 |a Biblia  |9 257603 
650 7 |a CRITICA, INTERPRETACION, ETC  |2 CL-VaPUC  |9 316300 
583 |a last modification  |c 20170628 12:15:25  |k Rodrigo Vera 
490 0 |a La fe cristiana, 3 
999 |c 230837  |d 230835 
952 |0 0  |1 0  |4 0  |6 220_610000000000000_WRI_1988  |7 0  |8 A  |9 233423  |a BIBTEO  |b BIBTEO  |d 2019-11-15  |i 303206K  |o 220.61 WRI 1988  |p 303206K  |r 2025-01-17  |w 2019-11-15  |y BK  |k ICR